000 01752cam a22004454i 4500
003 PE-LiUPU
005 20250731165522.0
008 150623s r 000 0 d
035 _a(Sirsi) a27720
035 _a(Sirsi) a27720
040 _aPE-LiUPU
_bspa
_cPE-LiUPU
_erda
082 0 4 _a621.47085
_bS491a
_221
110 2 _aServicio Nacional de Meteorología e Hidrología
245 1 0 _aAtlas de energía solar del Perú :
_bproyecto per/98/G31: electrificación rural a base de energía fotovoltaica en el Perú /
_cServicio Nacional de Meteorología e Hidrología.
264 1 _aLima, Perú :
_bCimagráficos,
_c2003.
300 _a[s/núm.] :
_bilustraciones, mapas, tablas ;
_c42 cm.
336 _atext
_2rdacontent
337 _aunmediated
_2rdamedia
338 _avolume
_2rdacarrier
505 0 _aIntroducción. Antecedentes. Irradiación solar. Información meteorológica y cartográfica utilizada. Modelos de estimación de la irradiación solar. Distribución espacial y temporal de la energía solar incidente diaria en el Perú. Referencias. Anexos. Tablas. Figuras.
526 _aSEG44
526 _aSEG26
526 _aP151
526 _aP150
526 _aP149
526 _aP146
526 _aP145
526 _aP126
526 _aP125
526 _aP92
526 _aP75
526 _aP74
526 _aP27
526 _aP15
650 1 4 _aEnergía solar
_xAtlas
_zPerú.
942 _2ddc
_cBOOK
949 _aRC 621.47 S42
_wDEWEY
_c1
_i53090
_lRC
_mBUL
_p10.00
_r0
_sY
_tBOOK
_u2015-6-24
_xBIBLIOTECA
_zUNKNOWN
_0COMPRA
_o.CIRCNOTE. No olvidar cambiar la fecha de devolución!!!!!!!
_o.STAFF. Colección General
999 _c34890
_d34890
980 _81
_gALBERTO SANCHEZ Responsable de Automatización